000 01383nam a2200409Ii 4500
001 DIG0000097
003 NyNyDIG
006 m o d
007 cr |||||||||||
008 030625s2003 sp a o 000 0 spa d
020 _z8495839350
020 _z9788495839350
035 _a(OCoLC)654627218
040 _aDGITA
_beng
_epn
_cDGITA
043 _ae-sp---
050 1 4 _aPN1997 .A3172 eBook
100 1 _aColomo, Fernando,
_d1946-
245 1 0 _aDiario del rodaje de Al sur de Granada /
_cFernando Colomo.
250 _a1. ed.
264 1 _aMadrid :
_bOcho y Medio, Libros de Cine,
_c2003.
300 _a1 online resource (119 pages) :
_bill.
336 _atext
_btxt
_2rdacontent
337 _acomputer
_bc
_2rdamedia
338 _aonline resource
_bcr
_2rdacarrier
490 1 _aFarenheit 451 ;
_v2
600 1 0 _aBrenan, Gerald,
_d1894-1987)
_xTravel
_zSpain
_vDrama.
630 0 0 _aAl sur de Granada (Motion picture)
650 0 _aMotion picture plays, Spanish.
651 0 _aYegen (Spain)
_xSocial life and customs
_vDrama.
655 0 _aElectronic books.
791 2 _aDigitalia (Firm),
_edistributor.
793 0 _gDigitalia eBook Collection:
_aOcho y Medio.
830 0 _aFahrenheit 451 (Madrid, Spain) ;
_v2.
856 4 0 _3Digitalia Hispánica
_uhttps://www.digitaliapublishing.com/a/336/
910 _aPremium Collection: 2007-2012
942 _cRAA
999 _c229425
_d229425